[Event "Hilversum op"]
[Site "Hilversum"]
[Date "2014.06.22"]
[Round "6"]
[White "Hambleton, Aman"]
[Black "Omearat, Adel"]
[Result "0-1"]
[WhiteElo "2468"]
[BlackElo "2231"]
[PlyCount "98"]
[EventDate "2014.06.20"]
[EventType "swiss"]
[EventRounds "6"]
[EventCountry "NED"]
[SourceTitle "CBM 160 Extra"]
[Source "ChessBase"]
[SourceDate "2014.07.01"]
[SourceVersion "1"]
[SourceVersionDate "2014.07.01"]
[SourceQuality "1"]

1. d4 Nf6 2. c4 e6 3. Nc3 Bb4 4. Qc2 0-0 5. a3 Bxc3+ 6. Qxc3 b6 7. Bg5 Bb7 8. f3 d6 9. e4 c5 10. dxc5 bxc5 11. Bd3 Nc6 12. Nh3 e5 13. Nf2 h6 14. Be3 a5 15. 0-0 a4 16. f4 exf4 17. Bxf4 Re8 18. Rae1 Ne5 19. Bc2 Ng6 20. Bd2 Qe7 21. Qf3 Nd7 22. Nd1 Nde5 23. Qe2 Qh4 24. Ne3 Ne7 25. Bc3 Qg5 26. Qd1 Red8 27. Nd5 N7g6 28. Rf5 Qh4 29. Re3 Bxd5 30. cxd5 Rdb8 31. Qf1 Qe7 32. Rg3 Qa7 33. Kh1 Rb7 34. h4 Nxh4 35. Rxe5 dxe5 36. Rxg7+ Kxg7 37. Bxe5+ Kf8 38. Qf6 Ng6 39. Bc3 Qa6 40. d6 Qc4 41. Qg7+ Ke8 42. e5 Qf1+ 43. Kh2 Qf4+ 44. Kg1 Qc1+ 45. Kh2 Qxc2 46. e6 Qf5 47. Qg8+ Nf8 48. e7 Rxe7 49. Bg7 Qf4+ 0-1

[Event "Abu Dhabi op 20th"]
[Site "Abu Dhabi"]
[Date "2010.08.20"]
[Round "9"]
[White "Omearat, Adel"]
[Black "Tissir, Mohamed"]
[Result "0-1"]
[WhiteElo "2218"]
[BlackElo "2466"]
[PlyCount "78"]
[EventDate "2010.08.12"]
[EventType "swiss"]
[EventRounds "9"]
[EventCountry "UAE"]
[SourceTitle "CBM 137 Extra"]
[Source "ChessBase"]
[SourceDate "2010.09.01"]
[SourceVersion "1"]
[SourceVersionDate "2010.09.01"]
[SourceQuality "1"]

1. d4 Nf6 2. Nf3 g6 3. c4 Bg7 4. g3 0-0 5. Bg2 d6 6. 0-0 Nbd7 7. Nc3 e5 8. e4 c6 9. h3 Qa5 10. Re1 exd4 11. Nxd4 Ne5 12. Bf1 Re8 13. Nb3 Qc7 14. f4 Ned7 15. Bg2 a5 16. Be3 a4 17. Nd4 Qa5 18. Nc2 Qc7 19. Na3 Bf8 20. Qd2 Nc5 21. Bxc5 dxc5 22. e5 Rd8 23. Qe3 Ne8 24. g4 Qb6 25. Qf2 f5 26. gxf5 Bxf5 27. Be4 Ng7 28. Bxf5 Nxf5 29. Ne4 Be7 30. Nf6+ Kg7 31. Rad1 Bxf6 32. exf6+ Kxf6 33. Qe2 Qc7 34. Qf3 Rxd1 35. Rxd1 Rd8 36. Re1 Rd4 37. Rf1 Qd6 38. Qg4 Rd3 39. Rf3 Qd4+ 0-1

[Event "Abu Dhabi op 20th"]
[Site "Abu Dhabi"]
[Date "2010.08.13"]
[Round "2"]
[White "Arun Prasad, Subramanian"]
[Black "Omearat, Adel"]
[Result "1/2-1/2"]
[WhiteElo "2535"]
[BlackElo "2218"]
[PlyCount "108"]
[EventDate "2010.08.12"]
[EventType "swiss"]
[EventRounds "9"]
[EventCountry "UAE"]
[SourceTitle "CBM 137 Extra"]
[Source "ChessBase"]
[SourceDate "2010.09.01"]
[SourceVersion "1"]
[SourceVersionDate "2010.09.01"]
[SourceQuality "1"]

1. d4 Nf6 2. c4 e6 3. g3 d5 4. Nf3 dxc4 5. Bg2 Bb4+ 6. Bd2 Be7 7. Qa4+ Bd7 8. Qxc4 Bc6 9. Nc3 Nbd7 10. 0-0 0-0 11. Qd3 a6 12. Rfe1 b5 13. a3 Bb7 14. b4 Nb6 15. e4 Nc4 16. Qc2 Nd7 17. Bf4 Ndb6 18. h4 c6 19. e5 Nd5 20. Bg5 h6 21. Bxe7 Qxe7 22. Nd2 Nxd2 23. Qxd2 Nxc3 24. Qxc3 Rfd8 25. Red1 a5 26. Qc5 Kf8 27. a4 Rd7 28. axb5 cxb5 29. Bxb7 Rxb7 30. Rxa5 Rd8 31. Rc1 Rbd7 32. Rxb5 Rxd4 33. Rb7 Rd1+ 34. Rxd1 Rxd1+ 35. Kg2 Qxc5 36. bxc5 Rc1 37. Rc7 Rc3 38. h5 Ke8 39. c6 Rc5 40. f4 Rc3 41. Rc8+ Ke7 42. Kf2 f5 43. exf6+ gxf6 44. Rc7+ Kd6 45. Rh7 Rxc6 46. Rxh6 f5 47. Rh7 Rc2+ 48. Kf3 e5 49. Rh6+ Kd5 50. Rf6 e4+ 51. Ke3 Rc3+ 52. Kf2 Rc2+ 53. Ke3 Rc3+ 54. Kf2 Rc2+ 1/2-1/2

[Event "Arab Clubs-chT 11th"]
[Site "Tunis"]
[Date "2009.12.17"]
[Round "7"]
[White "Njili, Kamel"]
[Black "Omearat, Adel"]
[Result "1/2-1/2"]
[WhiteElo "2316"]
[BlackElo "2243"]
[PlyCount "110"]
[EventDate "2009.12.12"]
[EventType "team-swiss"]
[EventRounds "9"]
[EventCountry "TUN"]
[SourceTitle "EXT 2020"]
[Source "ChessBase"]
[SourceDate "2019.10.17"]
[SourceVersion "1"]
[SourceVersionDate "2019.10.17"]
[SourceQuality "1"]
[WhiteTeam "Club la Tour Blanche"]
[BlackTeam "Omal Essekek"]
[WhiteTeamCountry "TUN"]
[BlackTeamCountry "SYR"]

1. e4 c5 2. Nc3 e6 3. Nge2 Nc6 4. g3 d5 5. exd5 exd5 6. Bg2 d4 7. Nd5 Nf6 8. Nef4 Nxd5 9. Nxd5 Bd6 10. 0-0 0-0 11. d3 Ne7 12. Qh5 Be6 13. Nxe7+ Qxe7 14. Re1 Rfe8 15. Be4 g6 16. Qf3 Qd7 17. Bh6 Rab8 18. Qf6 Bf8 19. Bxf8 Rxf8 20. h4 Qd8 21. Qe5 Re8 22. Qf4 h5 23. Bf3 Kg7 24. Re5 b6 25. Bc6 Rh8 26. Rae1 Qf6 27. Qe4 Rbd8 28. Bd5 Bxd5 29. Rxd5 Rxd5 30. Qxd5 a5 31. Kg2 Rc8 32. b3 Qc6 33. Qxc6 Rxc6 34. Re7 Kf8 35. Rb7 Rf6 36. f3 Ke8 37. a4 Kd8 38. g4 Kc8 39. Re7 Kd8 40. Re5 hxg4 41. fxg4 Kd7 42. Re1 Re6 43. Re4 Rc6 44. Kf3 Rc8 45. Rf4 Ke6 46. g5 Rb8 47. Rf6+ Ke7 48. Kf4 Rh8 49. Kg4 Rb8 50. Kg3 b5 51. axb5 Rxb5 52. Ra6 c4 53. dxc4 d3 54. Ra7+ Ke6 55. Ra6+ Ke7 1/2-1/2

[Event "Arab Clubs-chT 11th"]
[Site "Tunis"]
[Date "2009.12.15"]
[Round "5"]
[White "Omearat, Adel"]
[Black "Al Oufi, Khalil"]
[Result "1/2-1/2"]
[WhiteElo "2243"]
[BlackElo "2019"]
[PlyCount "53"]
[EventDate "2009.12.12"]
[EventType "team-swiss"]
[EventRounds "9"]
[EventCountry "TUN"]
[SourceTitle "EXT 2020"]
[Source "ChessBase"]
[SourceDate "2019.10.17"]
[SourceVersion "1"]
[SourceVersionDate "2019.10.17"]
[SourceQuality "1"]
[WhiteTeam "Omal Essekek"]
[BlackTeam "Mouthafi Alamana"]
[WhiteTeamCountry "SYR"]
[BlackTeamCountry "JOR"]

1. Nf3 d5 2. c4 e6 3. g3 Nf6 4. Bg2 Nbd7 5. b3 Bd6 6. 0-0 c6 7. Nc3 0-0 8. Bb2 a6 9. d3 e5 10. cxd5 cxd5 11. e3 b5 12. Rc1 Bb7 13. e4 d4 14. Ne2 Qe7 15. Nh4 g6 16. Bh3 Rac8 17. Qd2 Nh5 18. Qh6 Ng7 19. f4 f6 20. Nf3 Rxc1 21. Rxc1 Nc5 22. fxe5 fxe5 23. Ng5 Nge6 24. Nxe6 Nxe6 25. Bxe6+ Qxe6 26. Rf1 Rxf1+ 27. Kxf1 1/2-1/2

[Event "Olympiad-37"]
[Site "Turin"]
[Date "2006.06.04"]
[Round "13"]
[White "Omearat, Adel"]
[Black "Warner, Delisle"]
[Result "0-1"]
[WhiteElo "2274"]
[BlackElo "2250"]
[PlyCount "86"]
[EventDate "2006.05.21"]
[EventType "team-swiss"]
[EventRounds "13"]
[EventCountry "ITA"]
[SourceTitle "CBM 113"]
[Source "ChessBase"]
[SourceDate "2006.07.31"]
[SourceVersion "1"]
[SourceVersionDate "2006.07.31"]
[SourceQuality "1"]
[WhiteTeam "Syria"]
[BlackTeam "Barbados"]
[WhiteTeamCountry "SYR"]
[BlackTeamCountry "BAR"]

1. g3 e5 2. Bg2 d5 3. d3 Nf6 4. Nf3 Nc6 5. 0-0 h6 6. Nbd2 Bc5 7. e4 dxe4 8. dxe4 Bg4 9. h3 Be6 10. c3 Qd7 11. Kh2 Rd8 12. b4 Bb6 13. Qe2 Qd3 14. Qxd3 Rxd3 15. Bb2 0-0 16. a4 a5 17. b5 Nb8 18. Rfe1 Rfd8 19. Re2 Ne8 20. c4 f6 21. Rc1 Bc5 22. Bc3 Bb4 23. Nb1 c5 24. Nh4 Rd1 25. Rec2 Bxc3 26. Rxd1 Rxd1 27. Nxc3 Rd4 28. Nd5 Nd6 29. Nf5 Bxf5 30. Ne7+ Kf8 31. Nxf5 Rxc4 32. Rd2 Nxf5 33. exf5 Rd4 34. Rc2 b6 35. f4 Ke7 36. Re2 Kd6 37. fxe5+ fxe5 38. Rf2 Nd7 39. g4 Nf6 40. Bf3 Rxa4 41. h4 Rxg4 42. Kh3 Rd4 43. Bd1 Rxd1 0-1

[Event "Olympiad-37"]
[Site "Turin"]
[Date "2006.06.03"]
[Round "12"]
[White "Figueroa, Marco Alexander"]
[Black "Omearat, Adel"]
[Result "1/2-1/2"]
[WhiteElo "2214"]
[BlackElo "2274"]
[PlyCount "32"]
[EventDate "2006.05.21"]
[EventType "team-swiss"]
[EventRounds "13"]
[EventCountry "ITA"]
[SourceTitle "CBM 113"]
[Source "ChessBase"]
[SourceDate "2006.07.31"]
[SourceVersion "1"]
[SourceVersionDate "2006.07.31"]
[SourceQuality "1"]
[WhiteTeam "Guatemala"]
[BlackTeam "Syria"]
[WhiteTeamCountry "GUA"]
[BlackTeamCountry "SYR"]

1. e4 d5 2. exd5 Nf6 3. d4 Bg4 4. Nf3 Qxd5 5. Be2 Nc6 6. h3 Bxf3 7. Bxf3 Qd6 8. c3 0-0-0 9. 0-0 e5 10. dxe5 Nxe5 11. Nd2 Qb6 12. Qe2 Bd6 13. Nc4 Qc5 14. Nxd6+ Rxd6 15. Be3 Qc4 16. Bd4 Qxe2 1/2-1/2

[Event "Olympiad-37"]
[Site "Turin"]
[Date "2006.06.02"]
[Round "11"]
[White "Dias, Paulo Jorge Guimara"]
[Black "Omearat, Adel"]
[Result "1-0"]
[WhiteElo "2371"]
[BlackElo "2274"]
[PlyCount "59"]
[EventDate "2006.05.21"]
[EventType "team-swiss"]
[EventRounds "13"]
[EventCountry "ITA"]
[SourceTitle "CBM 113"]
[Source "ChessBase"]
[SourceDate "2006.07.31"]
[SourceVersion "1"]
[SourceVersionDate "2006.07.31"]
[SourceQuality "1"]
[WhiteTeam "Portugal"]
[BlackTeam "Syria"]
[WhiteTeamCountry "POR"]
[BlackTeamCountry "SYR"]

1. d4 Nf6 2. c4 e6 3. Nf3 c5 4. d5 b5 5. Qc2 exd5 6. cxd5 a6 7. Bg5 Be7 8. e4 0-0 9. Nbd2 d6 10. Bf4 Re8 11. a4 Qa5 12. Be2 Bd7 13. 0-0 bxa4 14. Nc4 Qb4 15. Bxd6 Bb5 16. Bg3 Nbd7 17. Rfd1 Bxc4 18. Bxc4 Nb6 19. Nd2 Bf8 20. f3 Nh5 21. Bf2 Bd6 22. Bf1 c4 23. Qc3 Qb5 24. Nxc4 Nxc4 25. Bxc4 Qb8 26. g3 a3 27. Rab1 Be5 28. Qxa3 f5 29. d6+ Kh8 30. Bf7 1-0

[Event "Olympiad-37"]
[Site "Turin"]
[Date "2006.05.31"]
[Round "10"]
[White "Omearat, Adel"]
[Black "Zagorskis, Darius"]
[Result "1/2-1/2"]
[WhiteElo "2274"]
[BlackElo "2490"]
[PlyCount "37"]
[EventDate "2006.05.21"]
[EventType "team-swiss"]
[EventRounds "13"]
[EventCountry "ITA"]
[SourceTitle "CBM 113"]
[Source "ChessBase"]
[SourceDate "2006.07.31"]
[SourceVersion "1"]
[SourceVersionDate "2006.07.31"]
[SourceQuality "1"]
[WhiteTeam "Syria"]
[BlackTeam "Lithuania"]
[WhiteTeamCountry "SYR"]
[BlackTeamCountry "LTU"]

1. Nf3 Nf6 2. g3 d5 3. Bg2 c5 4. 0-0 Nc6 5. c4 d4 6. d3 e5 7. b4 cxb4 8. a3 a5 9. axb4 Bxb4 10. Ba3 Bd7 11. Nbd2 0-0 12. Bxb4 axb4 13. Ne1 Qb6 14. Rb1 Rfb8 15. Nc2 Ra4 16. Rb2 Qa5 17. Nb3 Qa7 18. Qd2 h6 19. Rfb1 1/2-1/2

[Event "Arab-chT Clubs"]
[Site "Amman"]
[Date "2006.05.??"]
[Round "8"]
[White "Omearat, Adel"]
[Black "Taleb, Moussa"]
[Result "1/2-1/2"]
[WhiteElo "2274"]
[BlackElo "2452"]
[PlyCount "23"]
[EventDate "2006.05.??"]
[EventType "team"]
[EventRounds "8"]
[EventCountry "JOR"]
[SourceTitle "CBM 112 Extra"]
[Source "ChessBase"]
[SourceDate "2006.07.14"]
[SourceVersion "1"]
[SourceVersionDate "2006.07.14"]
[SourceQuality "1"]

1. d4 Nf6 2. Nf3 e6 3. g3 c5 4. Bg2 Be7 5. 0-0 0-0 6. c4 cxd4 7. Nxd4 a6 8. b3 d6 9. Nc3 Ra7 10. e4 b6 11. Be3 Bb7 12. a4 1/2-1/2

[Event "Dubai op 7th"]
[Site "Dubai"]
[Date "2005.04.06"]
[Round "3"]
[White "Omearat, Adel"]
[Black "Tissir, Mohamed"]
[Result "1/2-1/2"]
[WhiteElo "2244"]
[BlackElo "2442"]
[PlyCount "38"]
[EventDate "2005.04.04"]
[EventType "swiss"]
[EventRounds "9"]
[EventCountry "UAE"]
[SourceTitle "CBM 105 Extra"]
[Source "ChessBase"]
[SourceDate "2005.05.01"]
[SourceVersion "1"]
[SourceVersionDate "2005.05.01"]
[SourceQuality "1"]

1. d4 e6 2. Nf3 Nf6 3. e3 c5 4. Bd3 b6 5. 0-0 Bb7 6. c4 Ne4 7. Nbd2 Nxd2 8. Bxd2 Be7 9. Bc3 0-0 10. e4 cxd4 11. Nxd4 d6 12. f4 Nd7 13. Rf3 Rc8 14. Rg3 g6 15. Qh5 Bf6 16. Nxe6 fxe6 17. Rxg6+ hxg6 18. Qxg6+ Kh8 19. Qh6+ Kg8 1/2-1/2

[Event "Dubai op 7th"]
[Site "Dubai"]
[Date "2005.04.04"]
[Round "1"]
[White "Omearat, Adel"]
[Black "Wang, Yue"]
[Result "1/2-1/2"]
[WhiteElo "2244"]
[BlackElo "2576"]
[PlyCount "112"]
[EventDate "2005.04.04"]
[EventType "swiss"]
[EventRounds "9"]
[EventCountry "UAE"]
[SourceTitle "CBM 105 Extra"]
[Source "ChessBase"]
[SourceDate "2005.05.01"]
[SourceVersion "1"]
[SourceVersionDate "2005.05.01"]
[SourceQuality "1"]

1. d4 d5 2. c4 c6 3. Nc3 Nf6 4. cxd5 cxd5 5. Bf4 Nc6 6. e3 a6 7. Bd3 Bg4 8. f3 Bd7 9. Nge2 e6 10. Bg3 Be7 11. 0-0 0-0 12. Rc1 Rc8 13. Na4 Na5 14. Nc5 Bb5 15. b3 Qb6 16. Qd2 Bxd3 17. Nxd3 Nc6 18. Nc5 Rfd8 19. Rfd1 Nd7 20. Nxd7 Rxd7 21. Nf4 Bb4 22. Qe2 Ba3 23. Rc2 Rdc7 24. Qf1 Nb4 25. Rxc7 Rxc7 26. Nd3 Rc2 27. Nxb4 Bxb4 28. Rc1 Qc6 29. Rxc2 Qxc2 30. Be1 Bxe1 31. Qxe1 h6 32. h3 Qxa2 33. Qc3 Qe2 34. Kh2 Kh7 35. h4 Kg6 36. Kg3 b6 37. Kh3 a5 38. Qc7 Qxe3 39. h5+ Kh7 40. Qxf7 Qg5 41. Qe8 b5 42. g4 Qf6 43. Kg3 b4 44. Qc8 Qf7 45. Qc2+ Kg8 46. Qc8+ Kh7 47. Qc2+ g6 48. hxg6+ Qxg6 49. Qc7+ Qg7 50. Qb6 Qf6 51. Qc7+ Kg6 52. Qc2+ Kg7 53. Qc7+ Kg8 54. Qc8+ Kh7 55. Qc7+ Qg7 56. Qc2+ Kg8 1/2-1/2

[Event "Sharjah op"]
[Site "Sharjah"]
[Date "2003.09.04"]
[Round "9"]
[White "Omearat, Adel"]
[Black "Velikhanli, Firuza"]
[Result "0-1"]
[WhiteElo "2271"]
[BlackElo "2339"]
[PlyCount "116"]
[EventDate "2003.08.27"]
[EventType "swiss"]
[EventRounds "9"]
[EventCountry "UAE"]
[SourceTitle "EXT 2004"]
[Source "ChessBase"]
[SourceDate "2003.11.25"]
[SourceVersion "1"]
[SourceVersionDate "2003.11.25"]
[SourceQuality "1"]

1. d4 Nf6 2. Nf3 g6 3. Nc3 Bg7 4. e4 d6 5. Bg5 c6 6. Qd2 b5 7. Bd3 0-0 8. Bh6 Re8 9. Bxg7 Kxg7 10. e5 dxe5 11. dxe5 Nd5 12. h4 h5 13. Ne4 Na6 14. Ng3 Bg4 15. Nh2 Nc5 16. Nxg4 Nxd3+ 17. cxd3 hxg4 18. h5 Rh8 19. 0-0-0 Qb6 20. hxg6 fxg6 21. Kb1 Raf8 22. d4 b4 23. Rc1 Rxh1 24. Rxh1 Rf4 25. Ne2 Nc3+ 26. Nxc3 bxc3 27. Qxc3 Qxd4 28. Qxd4 Rxd4 29. Rc1 Rd2 30. Rc4 Rxf2 31. Rxg4 Kf7 32. b4 Re2 33. Rc4 Rxg2 34. Rxc6 g5 35. Ra6 g4 36. Rxa7 Rf2 37. e6+ Kxe6 38. Ra3 Rf3 39. Ra8 Kf7 40. Ra5 Kg6 41. Ra8 Rf4 42. Rg8+ Kf7 43. Rg5 Rxb4+ 44. Kc2 Kf6 45. Rg8 Kf5 46. Kd3 Ra4 47. Rf8+ Ke5 48. Ke2 Rxa2+ 49. Kf1 Ke4 50. Kg1 e5 51. Rf7 Ke3 52. Rf5 e4 53. Rf8 Kd3 54. Rd8+ Ke2 55. Kg2 e3 56. Rh8 Ke1+ 57. Kg1 e2 58. Kg2 Kd1 0-1

[Event "Dubai op"]
[Site "Dubai"]
[Date "2002.04.25"]
[Round "9"]
[White "Omearat, Adel"]
[Black "Sadvakasov, Darmen"]
[Result "0-1"]
[WhiteElo "2275"]
[BlackElo "2549"]
[PlyCount "88"]
[EventDate "2002.04.15"]
[EventType "swiss"]
[EventRounds "9"]
[EventCountry "UAE"]
[SourceTitle "CBM 087 Extra"]
[Source "ChessBase"]
[SourceDate "2002.05.03"]
[SourceVersion "2"]
[SourceVersionDate "2002.08.09"]
[SourceQuality "1"]

1. d4 Nf6 2. Nf3 c5 3. e3 d5 4. b3 e6 5. Bd3 Nc6 6. a3 Bd6 7. Bb2 Qc7 8. Nbd2 e5 9. dxe5 Nxe5 10. Nxe5 Bxe5 11. Bxe5 Qxe5 12. 0-0 0-0 13. c4 Rd8 14. Qc2 Bg4 15. Rae1 Qd6 16. Bf5 d4 17. exd4 cxd4 18. c5 Bxf5 19. Qxf5 Qa6 20. Re7 Rd5 21. Qf3 Rxc5 22. Rfe1 Rac8 23. g4 b5 24. Qf4 Rf8 25. g5 Nh5 26. Qg4 g6 27. h4 Qxa3 28. Qxd4 Rc1 29. Kg2 Rxe1 30. Rxe1 Qa6 31. Kg1 Qb7 32. Ne4 Re8 33. Re3 Qc6 34. Nf6+ Nxf6 35. Qxf6 Qd7 36. Qf3 a5 37. Rxe8+ Qxe8 38. Qc3 a4 39. bxa4 bxa4 40. Qb4 Qa8 41. Qa3 Qe4 42. Qg3 Qb1+ 43. Kg2 Qb2 44. h5 gxh5 0-1

[Event "Dubai op"]
[Site "Dubai"]
[Date "2002.04.24"]
[Round "8"]
[White "Taleb, Moussa"]
[Black "Omearat, Adel"]
[Result "1/2-1/2"]
[WhiteElo "2439"]
[BlackElo "2275"]
[PlyCount "92"]
[EventDate "2002.04.15"]
[EventType "swiss"]
[EventRounds "9"]
[EventCountry "UAE"]
[SourceTitle "CBM 087 Extra"]
[Source "ChessBase"]
[SourceDate "2002.05.03"]
[SourceVersion "2"]
[SourceVersionDate "2002.08.09"]
[SourceQuality "1"]

1. Nf3 d6 2. e4 c5 3. d4 cxd4 4. Nxd4 Nf6 5. Nc3 Nc6 6. Nde2 a6 7. g3 e6 8. Bg2 Be7 9. 0-0 Qc7 10. a4 0-0 11. h3 Rb8 12. Nd4 Bd7 13. Kh2 Rfc8 14. f4 Nxd4 15. Qxd4 e5 16. Qd3 Be6 17. Rf2 b5 18. axb5 axb5 19. Be3 Bc4 20. Qd2 exf4 21. Bxf4 b4 22. Nd5 Bxd5 23. exd5 Nd7 24. Ra6 Bf6 25. b3 Ne5 26. Be4 h5 27. Be3 h4 28. gxh4 Qe7 29. Bd4 Nd7 30. Bf5 Bxd4 31. Qxd4 Rc3 32. Bxd7 Qxd7 33. Qg4 Qe7 34. Qf4 Qd7 35. Qg4 Qc8 36. Rg2 Qxg4 37. hxg4 Rbc8 38. Rxd6 Rxc2 39. Rb6 R2c3 40. Rxb4 Rd3 41. Rb7 Rxd5 42. Rf2 Rc3 43. Rbxf7 Rd4 44. R7f4 Rxf4 45. Rxf4 Rxb3 46. Kg2 g5 1/2-1/2

[Event "Dubai op"]
[Site "Dubai"]
[Date "2002.04.23"]
[Round "7"]
[White "Omearat, Adel"]
[Black "Mamedjarova, Zeinab"]
[Result "1-0"]
[WhiteElo "2275"]
[BlackElo "2312"]
[PlyCount "105"]
[EventDate "2002.04.15"]
[EventType "swiss"]
[EventRounds "9"]
[EventCountry "UAE"]
[SourceTitle "CBM 087 Extra"]
[Source "ChessBase"]
[SourceDate "2002.05.03"]
[SourceVersion "2"]
[SourceVersionDate "2002.08.09"]
[SourceQuality "1"]

1. d4 Nf6 2. c4 g6 3. Nc3 d5 4. cxd5 Nxd5 5. e4 Nxc3 6. bxc3 Bg7 7. Be3 c5 8. Qd2 Qa5 9. Rc1 cxd4 10. cxd4 Qxd2+ 11. Kxd2 0-0 12. Bc4 Rd8 13. Nf3 Nc6 14. Bd5 Bd7 15. Rhd1 e6 16. Bb3 Na5 17. Bf4 Nxb3+ 18. axb3 Bc6 19. Ke3 f6 20. h4 Rd7 21. d5 exd5 22. Nd4 Re8 23. f3 f5 24. e5 Bxe5 25. Bxe5 Rxe5+ 26. Kf4 Re8 27. b4 Rd6 28. b5 Bd7 29. Rc7 Bc8 30. Rdc1 Rdd8 31. h5 gxh5 32. g3 Kh8 33. Ra1 a6 34. bxa6 bxa6 35. Rac1 Bd7 36. Rh1 Rf8 37. Ra7 Bc8 38. Rc1 Rg8 39. Rcc7 Rg6 40. Nc6 Re8 41. Ne7 Be6 42. Nxg6+ hxg6 43. Rh7+ Kg8 44. Kg5 Kf8 45. Rh8+ Bg8 46. Kxg6 Re6+ 47. Kxf5 Re8 48. Rh6 Re3 49. Rf6+ Ke8 50. Rb6 Kf8 51. Rb8+ Re8 52. Rxe8+ Kxe8 53. Kf6 1-0

[Event "Dubai op"]
[Site "Dubai"]
[Date "2002.04.15"]
[Round "1"]
[White "Jobava, Baadur"]
[Black "Omearat, Adel"]
[Result "1-0"]
[WhiteElo "2566"]
[BlackElo "2275"]
[PlyCount "88"]
[EventDate "2002.04.15"]
[EventType "swiss"]
[EventRounds "9"]
[EventCountry "UAE"]
[SourceTitle "CBM 087 Extra"]
[Source "ChessBase"]
[SourceDate "2002.05.03"]
[SourceVersion "2"]
[SourceVersionDate "2002.08.09"]
[SourceQuality "1"]

1. c4 Nf6 2. Nc3 c5 3. g3 g6 4. Bg2 Bg7 5. Nf3 Nc6 6. 0-0 0-0 7. d4 d6 8. d5 Na5 9. Nd2 a6 10. Qc2 Rb8 11. b3 b5 12. Bb2 bxc4 13. bxc4 Rb4 14. a3 Rb7 15. Rab1 Bd7 16. Nce4 Rxb2 17. Rxb2 Nxe4 18. Bxe4 Bxb2 19. Qxb2 Qc7 20. Rc1 Ra8 21. Bc2 Ra7 22. Qc3 Rb7 23. Re1 Qb6 24. Bd3 Ba4 25. e4 f6 26. Kg2 Qc7 27. Re3 Bd1 28. Be2 Bxe2 29. Rxe2 Qb6 30. Re1 Qc7 31. f4 Rb8 32. h4 Nb7 33. Nf3 Na5 34. Nd2 Nb7 35. h5 Nd8 36. e5 dxe5 37. fxe5 fxe5 38. hxg6 hxg6 39. Rxe5 Rb6 40. Kh3 Nf7 41. Re2 Rf6 42. Qe3 Rf5 43. Ne4 Re5 44. Rf2 Rh5+ 1-0

[Event "Asia Cities-ch 12th"]
[Site "Beirut"]
[Date "2000.03.24"]
[Round "8"]
[White "Odeev, Handszar"]
[Black "Omearat, Adel"]
[Result "1/2-1/2"]
[WhiteElo "2425"]
[BlackElo "2220"]
[PlyCount "88"]
[EventDate "2000.03.19"]
[EventType "team-swiss"]
[EventRounds "9"]
[EventCountry "LBN"]
[SourceTitle "EXT 2020"]
[Source "ChessBase"]
[SourceDate "2019.10.17"]
[SourceVersion "1"]
[SourceVersionDate "2019.10.17"]
[SourceQuality "1"]
[WhiteTeam "Askhabat"]
[BlackTeam "Aleppo"]
[WhiteTeamCountry "TKM"]
[BlackTeamCountry "SYR"]

1. e4 c5 2. Nf3 e6 3. d4 cxd4 4. Nxd4 Nc6 5. Nc3 Qc7 6. Be2 a6 7. 0-0 Nf6 8. Kh1 Bb4 9. Nxc6 bxc6 10. f4 d5 11. e5 Bxc3 12. bxc3 Ne4 13. Bd3 Nxc3 14. Qg4 0-0 15. Rf3 Ne4 16. Bxe4 dxe4 17. Rg3 f5 18. exf6 Rxf6 19. Qh3 Rg6 20. Bb2 Rxg3 21. Qxg3 Bb7 22. Rd1 c5 23. c4 Qf7 24. h3 Re8 25. Be5 h6 26. Kh2 Kh7 27. Rd6 Re7 28. Qe3 Rd7 29. Qxc5 Rxd6 30. Bxd6 e3 31. Qxe3 Qg6 32. Qf2 Qe4 33. c5 Bc6 34. Be5 Qd3 35. Qg3 Qxg3+ 36. Kxg3 Kg6 37. Kf2 h5 38. g3 Kf7 39. Ke3 Bg2 40. Kd4 g6 41. Kc3 Ke7 42. Kb4 Kd7 43. Bd6 Kc6 44. h4 Bf1 1/2-1/2

[Event "Asia Cities-ch 12th"]
[Site "Beirut"]
[Date "2000.03.23"]
[Round "6"]
[White "Omearat, Adel"]
[Black "Kassis, Antoine"]
[Result "1/2-1/2"]
[WhiteElo "2220"]
[BlackElo "2175"]
[PlyCount "35"]
[EventDate "2000.03.19"]
[EventType "team-swiss"]
[EventRounds "9"]
[EventCountry "LBN"]
[SourceTitle "EXT 2020"]
[Source "ChessBase"]
[SourceDate "2019.10.17"]
[SourceVersion "1"]
[SourceVersionDate "2019.10.17"]
[SourceQuality "1"]
[WhiteTeam "Aleppo"]
[BlackTeam "Zahle"]
[WhiteTeamCountry "SYR"]
[BlackTeamCountry "LBN"]

1. d4 d5 2. c4 c6 3. Nf3 Nf6 4. Nc3 dxc4 5. a4 Bf5 6. e3 e6 7. Bxc4 Bb4 8. 0-0 0-0 9. Qe2 Ne4 10. Bd2 Qe7 11. Nxe4 Bxe4 12. Bxb4 Qxb4 13. Ne5 a5 14. Rfc1 Qe7 15. f3 Bg6 16. e4 Nd7 17. Nxd7 Qxd7 18. Rd1 1/2-1/2

[Event "Asia Cities-ch 12th"]
[Site "Beirut"]
[Date "2000.03.20"]
[Round "2"]
[White "Omearat, Adel"]
[Black "Bukhalaf, Ebrahim"]
[Result "1/2-1/2"]
[WhiteElo "2220"]
[BlackElo "2035"]
[PlyCount "113"]
[EventDate "2000.03.19"]
[EventType "team-swiss"]
[EventRounds "9"]
[EventCountry "LBN"]
[SourceTitle "EXT 2020"]
[Source "ChessBase"]
[SourceDate "2019.10.17"]
[SourceVersion "1"]
[SourceVersionDate "2019.10.17"]
[SourceQuality "1"]
[WhiteTeam "Aleppo"]
[BlackTeam "Manama"]
[WhiteTeamCountry "SYR"]
[BlackTeamCountry "BHN"]

1. Nf3 c6 2. c4 d5 3. d4 Nf6 4. Nc3 e6 5. e3 Be7 6. Bd3 Nbd7 7. 0-0 0-0 8. b3 b6 9. e4 Bb4 10. e5 Bxc3 11. exf6 Nxf6 12. Rb1 Bb4 13. Qc2 Bb7 14. c5 bxc5 15. a3 Ba5 16. Qxc5 Bb6 17. Qc2 Qe7 18. b4 Rfc8 19. Rd1 a5 20. Bg5 h6 21. Bxf6 gxf6 22. Qd2 Kg7 23. Qf4 Rh8 24. Nh4 axb4 25. Rxb4 Bd8 26. Rdb1 Bc8 27. a4 c5 28. dxc5 Qxc5 29. Rc1 Qe7 30. Rb8 Rxb8 31. Qxb8 Bd7 32. Bb5 Qa3 33. Rb1 Bxb5 34. Qxb5 Bc7 35. Qc6 Qd6 36. Qxd6 Bxd6 37. g3 Ra8 38. Ra1 Kf8 39. Nf3 Ke7 40. a5 Ra6 41. Nd2 f5 42. Kf1 e5 43. Ke2 e4 44. Nb3 f4 45. gxf4 Bxf4 46. f3 f5 47. Rf1 Bxh2 48. fxe4 fxe4 49. Rf5 Rd6 50. Nd4 Bg1 51. Nb5 Ra6 52. Rxd5 Rxa5 53. Nc3 Rxd5 54. Nxd5+ Ke6 55. Nc3 Kf5 56. Nxe4 Kf4 57. Kf1 1/2-1/2